LEADER 01102nam a2200277 i 4500 001 000000158002 003 CaOOAMICUS 005 20070125000000.0 008 070125s1983 it u000 u ita u 013 $a135365 040 $aSeMil$bita 100 1 $aGonzales-Palacios, Alvar.$0(OLS)http://semarc/name/8859 245 13$aLa cultura dell'ignoranza /$cAlvar Gonzales-Palacios. 260 $a[S.l.] :$bUmberto Allemandi & C.,$cstampa 1983. 300 $a281 p., [16] p. di tav., [1] c. di tav. ;$c24 cm. 490 0 $aI testimoni dell'arte 500 $aFondo Ciprandi. 650 4$aCollezionismo.$0(OLS)http://semarc/subject/30909 650 4$aAntiquariato.$0(OLS)http://semarc/subject/30910 830 2$aI testimoni dell'arte.$0(OLS)http://semarc/title/19494 850 $aSeMil 852 $aSeMil$W1$xVenegono$y1$m5R VII 14$j109676$B109676$CSeMilBibl$Z2$F119290 $81 941 1 $a1 961 $aOmaggio: Ciprandi dott. Paolo 996 $6245$aLa cultura dell'ignoranza$9(OLS)http://semarc/title/231818 996 $6260$a[S.l.] :$bUmberto Allemandi & C.$9(OLS)http://semarc/publisher/48433 LEADER 01606nam a2200265 i 4500 001 000000226374 003 CaOOAMICUS 005 20140121000000.0 008 140121s2004 it u000 u ita u 013 $a205276 040 $aSeMil$bita 100 1 $aMioni, Matteo.$0(OLS)http://semarc/name/78548 245 13$aLa lavanda dei piedi, profezia dell'amore "eis telos" [translitterazione dal greco] :$bdal servo di Jhwh, umiliato e glorificato, a Gesų, servo abbassato per amore e Figlio dell'Uomo innalzato dall'Amore /$cTesi di licenza, studente : Matteo Mioni ; Docente : prof. Johannes Beutler. 260 $aRoma :$b[s.n.],$c2004. 300 $a91 c. ;$c30 cm. 500 $aIn preliminari dedica autografa dell'autore al Card. Martini. - In testa al front : Pontificio Istituto Biblico. - Ai pič del front : Anno Accademico 2003/2004. - Fondo card. C. M. Martini. 650 4$aTesi di laurea.$0(OLS)http://semarc/subject/1690 650 4$aBibbia - NT - Giovanni - Lavanda dei piedi.$0(OLS)http://semarc/subject/40337 700 1 $aBeutler, Johannes,$c.$0(OLS)http://semarc/name/4477 850 $aSeMil 852 $aSeMil$W1$xVenegono$y1$m4X IX 41$j176720$B176720$CSeMilBibl$Z2$F187593 $8L 941 1 $a4 961 $aLascito: Martini Card. Carlo Maria 996 $6245$aLa lavanda dei piedi, profezia dell'amore "eis telos" [translitterazione dal greco] :$bdal servo di Jhwh, umiliato e glorificato, a Gesų, servo abbassato per amore e Figlio dell'Uomo innalzato dall'Amore$9(OLS)http://semarc/title/324121 996 $6260$aRoma :$b[s.n.]$9(OLS)http://semarc/publisher/29738